Music Quiz

Random Music or Bands Quiz

Tribute Band or the Real Thing Quiz Stats

 Plays Quiz not verified by Sporcle

Score 0/15 Timer 05:00
0 Plays Today
% Correct
Tribute (Zoso)
81.3%
Real
79.3%
Real
77.1%
Tribute (The Atomic Punks)
75.1%
Real
72.9%
Real
72%
Real
71.8%
Tribute (Satisfaction)
71.8%
% Correct
Tribute (Bjorn Again)
69.1%
Tribute (The Xploding Boys)
63.8%
Tribute (Jimmy Fallon)
57.3%
Tribute (Just Like Priest
53.1%
Tribute (Eliminator)
50.4%
Real
48.9%
Tribute (Live Wire)
45.3%

You're not logged in!

Compare scores with friends on all Sporcle quizzes.
OR
Log In

Sporcle TV

Today on Sporcle TV


Watch our educational content, quiz creation guides, and fun videos on Sporcle TV.

Show Comments

Extras

Top Quizzes Today


Score Distribution

Your Account Isn't Verified!

In order to create a playlist on Sporcle, you need to verify the email address you used during registration. Go to your Sporcle Settings to finish the process.

Report this User

Report this user for behavior that violates our Community Guidelines.

Details: